Действие снеговой воды на живые организмы: опыты с сельско-хозяйственными растениями и животными; Сельско-хозяйственное производство Сибири и Дальнего Востока; № 4

Dades bibliogràfiques
Parent link:Сельско-хозяйственное производство Сибири и Дальнего Востока
№ 4.— 1965.— С. 56-57
Autor principal: Родимов Б. Н.
Altres autors: Маршунина А. М., Яфарова И. О.
Idioma:rus
Publicat: 1965
Matèries:
Format: MixedMaterials Capítol de llibre
KOHA link:https://koha.lib.tpu.ru/cgi-bin/koha/opac-detail.pl?biblionumber=593662

MARC

LEADER 00000naa0a2200000 4500
001 593662
005 20241214163624.0
035 |a (RuTPU)RU\TPU\tpu\7254 
035 |a TPU00007257 
090 |a 593662 
100 |a 20011210d1965 k||y0rusy50 ca 
101 0 |a rus 
102 |a RU 
200 1 |a Действие снеговой воды на живые организмы  |e опыты с сельско-хозяйственными растениями и животными  |f Б. Н. Родимов, А. М. Маршунина, И. О. Яфарова 
461 |t Сельско-хозяйственное производство Сибири и Дальнего Востока 
463 |t № 4  |v С. 56-57  |d 1965 
610 1 |a сельское хозяйство 
610 1 |a труды учёных ТПУ 
700 1 |a Родимов  |b Б. Н. 
701 1 |a Маршунина  |b А. М. 
701 1 |a Яфарова  |b И. О. 
801 0 |a RU  |b 63413507  |c 20011210  |g PSBO 
801 2 |a RU  |b 63413507  |c 20090417  |g PSBO 
942 |c CR